Top 20 des chansons les plus écoutés de tous les temps - Statistiques

Statistiques générales
  • Ce quiz a été pris 32 fois
  • Le résultat moyen est 4 sur 20
Statistiques - réponses
Hint Réponse % Correct
8,900,000,000 Despacito / (Luis Fonsi ft. Daddy Yankee)
72%
4,500,000,000 Gangnam Style / (Psy)
47%
6,300,000,000 Shape of You / (Ed Sheeran)
47%
6,000,000,000 Blinding Lights / (The Weeknd)
44%
3,500,000,000 Waka Waka / (Shakira)
34%
3,500,000,000 Perfect / (Ed Sheeran)
28%
6,400,000,000 See You Again / (Wiz Khalifa ft. Charlie Puth)
22%
4,000,000,000 Roar / (Katy Perry)
16%
3,900,000,000 Sorry / (Justin Bieber)
16%
5,500,000,000 Uptown Funk / (Mark Ronson ft. Bruno Mars)
16%
3,600,000,000 Believer / (Imagine Dragons)
13%
3,800,000,000 Dark Horse / (Katy Perry)
13%
3,700,000,000 Girls Like You / (Maroon 5 ft. Cardi B)
9%
4,100,000,000 Sugar / (Maroon 5)
6%
3,800,000,000 Thinking Out Loud / (Ed Sheeran)
6%
4,000,000,000 Counting Stars / (OneRepublic)
3%
3,700,000,000 Faded / (Alan Walker)
3%
3,600,000,000 Havana / (Camila Cabello)
3%
3,800,000,000 Lean On / (Major Lazer & DJ Snake)
3%
3,600,000,000 Let Her Go / (Passenger)
3%
Aucun quiz correspondant
Distribution des résultats
% des personnes avec chaque résultat
Percentile par nombre de réponses
Votre historique - résultats
Vous n’avez pas pris ce quiz